Ευρετήριο δρόμων Μυτιλήνης και η ιστορία της ονοματοθεσίας των
Αποθηκεύτηκε σε:
| Κύριος συγγραφέας: | |
|---|---|
| Μορφή: | Βιβλίο |
| Γλώσσα: | Greek |
| Δημοσίευση: |
Μυτιλήνη :
Δήμος Μυτιλήνης,
1999.
|
| Θέματα: | |
| Ετικέτες: |
Προσθήκη ετικέτας
Δεν υπάρχουν, Καταχωρήστε ετικέτα πρώτοι!
|
MARC
| LEADER | 00000cam a2200000 i 4500 | ||
|---|---|---|---|
| 001 | 1/27451 | ||
| 008 | 020918s1999 gr | ||| |||| ||gre|| | ||
| 020 | |a 9608595843 | ||
| 035 | |l 10068437 | ||
| 040 | |a GR-MY-UA |b gre |e aacr | ||
| 041 | 0 | |a gre | |
| 082 | 7 | |a 938.974 |2 (22) | |
| 100 | 1 | |a Μουτζουρέλλης, Γιώργος. | |
| 245 | 1 | 0 | |a Ευρετήριο δρόμων Μυτιλήνης και η ιστορία της ονοματοθεσίας των / |c Γιώργου Μουτζουρέλλη. |
| 260 | |a Μυτιλήνη : |b Δήμος Μυτιλήνης, |c 1999. | ||
| 300 | |a 37 σ. : |b εικ.; χαρτ. ; |c 23 εκ. | ||
| 504 | |a Περιέχει βιβλιογραφικές παραπομπές. | ||
| 650 | 0 | 0 | |a Street addresses |z Greece |z Mytilene (Lesbos Island) |
| 650 | 0 | 0 | |a Streets |z Greece |z Mytilene (Lesbos Island) |x History. |
| 852 | |a INST |b LESVOS |e 20020918 |h 938.974 ΜΟΥ |p 005100025111 |q 005100025111 |t BK |y 0 | ||
| 901 | |a BIBL1-2002-3 | ||
| 909 | |a Λ |b 099110 | ||
| 970 | |a ΚΑΜΑΤΣΟΥ |b ΔΕΣΠΟΙΝΑ |z 2002/09/18 | ||